000 00278nam a2200121 a 4500
008 100920s1977|||| d
100 1 _aXenofón
245 1 0 _aEfezský príbeh o láske
020 _c12
260 _aBratislava
_c1977
_bTatran
044 _axo
_cSK
041 _aslo
999 _c10515
_d10515